000 00542nam a2200205 4500
003 SEACOMEC
005 20231005053756.0
008 231005b |||||||| |||| 00| 0 eng d
020 _c$9.00
040 _aSEACOMEC
082 _a005.43
_bSIL
100 1 _aSilberschatz
245 1 _aOperating System Concepts
_cSilberschatz...( et al.)
250 _a6th Ed
260 _aSingapore
_bJohn Wiley
_c2005
650 _aComputer Programing, Programs, Data
650 _aSystem Programing and Programs
700 1 _aSilberchatz
942 _cBOOK
999 _c79
_d79